Dokážu to bez vládnych záruk

Generálny riaditeľ a.s. Slovnaft Slavomír Hatina o tohtoročných podnikateľských zámeroch najväčšej slovenskej rafinérskej spoločnosti. Stúpajúci trend dopytu a spotreby ropných výrobkov v SR. Rozhodujúce rozvojové zámery v Slovnafte.

Guardado en:
Detalles Bibliográficos
Autor principal: Hatina, Slavomír
Otros Autores: Oujezdská, L.
Formato: Capítulo de libro
Lenguaje:eslovaco
Materias:
Etiquetas: Agregar Etiqueta
Sin Etiquetas, Sea el primero en etiquetar este registro!

MARC

LEADER 00000naa a2200000 4500
001 r026287
005 20230824090334.9
041 0 |a slo 
044 |a SK 
245 1 0 |a Dokážu to bez vládnych záruk  |c Slavomír Hatina, L. Oujezdská 
520 |a Generálny riaditeľ a.s. Slovnaft Slavomír Hatina o tohtoročných podnikateľských zámeroch najväčšej slovenskej rafinérskej spoločnosti. Stúpajúci trend dopytu a spotreby ropných výrobkov v SR. Rozhodujúce rozvojové zámery v Slovnafte. 
610 2 0 |a Slovensko 
610 2 0 |a 1997 
610 2 0 |a priemysel chemický 
610 2 0 |a Slovnaft, a.s. Bratislava 
610 2 0 |a rafinérie 
100 1 |a Hatina, Slavomír 
700 1 |a Oujezdská, L.